Susu di Taman Bunga
| Main Author: | |
|---|---|
| Format: | Book |
| Published: |
Kuala Lumpur :
Dewan Bahasa Dan Pustaka ,
1992
|
| Series: | Program Bacaan Awal (Bawal) Tahap 2
|
| Subjects: |
MARC
| LEADER | 00000cam a2200000 7i4500 | ||
|---|---|---|---|
| 001 | 0000007132 | ||
| 002 | 000007675 | ||
| 005 | 20000330.0 | ||
| 020 | |a 9836223525 | ||
| 090 | 0 | 0 | |a JF |b AML |
| 100 | 0 | |a Amla Mohd Salleh | |
| 245 | 1 | 0 | |a Susu di Taman Bunga |c Amla Mohd. Salleh |
| 260 | |a Kuala Lumpur : |b Dewan Bahasa Dan Pustaka , |c 1992 | ||
| 300 | |a 20 p. : |b ill. ; |c 18 cm. | ||
| 490 | 0 | |a Program Bacaan Awal (Bawal) Tahap 2 | |
| 650 | 0 | 0 | |a Children's stories, Malay |
| 999 | |a 025737 |b BUKU |c PINJAMAN |e PERPUSTAKAAN KOMUNITI PETALING JAYA | ||